| 000 | 00639nam a2200253Ia 4500 | ||
|---|---|---|---|
| 005 | 20250425162524.0 | ||
| 008 | 250425s9999 xx 000 0 und d | ||
| 020 | _a0070616264 | ||
| 041 | _aeng | ||
| 082 | _a919 | ||
| 100 | _aSTOESSINGER, JHON G. | ||
| 245 | 0 | _aNATIONS AT DAWN: CHINA, RUSSIA, AND AMERICA | |
| 250 | _a6TH ED. | ||
| 260 |
_aEstados Unidos _bSTOESSINGER, JHON G. _c1994 |
||
| 260 |
_aNEW YORK _bMCGRAW-HILL, INC. |
||
| 300 | _a333 | ||
| 500 | _adonado por Freddy Villao CEAP | ||
| 650 | _aAMERICA | ||
| 650 | _aCHINA | ||
| 650 | _aRUSIA | ||
| 710 | _aMCGRAW-HILL, INC. | ||
| 942 | _c01 | ||
| 010 | _a81529 | ||
| 999 |
_c230929 _d230929 |
||